Most Streamed Nemzzz Songs - Statistics

General Stats
  • This quiz has been taken 9 times
  • The average score is 8 of 15
Answer Stats
Rank Streams Song Name % Correct
1 181,419,107 2MS
88%
7 88,386,471 COLD
75%
2 117,165,389 Elevate
75%
4 105,288,823 Escape
75%
5 94,001,908 Spinnin
75%
13 60,612,017 DILEMMA
63%
14 47,292,105 NEMZZZ TYPE BEAT
63%
3 115,187,788 PTSD
63%
8 85,105,400 Redemption
63%
9 82,314,183 MONEY AND VIBES
50%
12 69,125,297 ITS US
38%
11 76,964,483 FYP
25%
15 36,129,038 ATM
13%
10 77,633,080 Brilliant Minds 2
0%
6 91,139,774 L´s
0%
No matching quizzes found
Score Distribution
Percent of People with Each Score
Percentile by Number Answered
Your Score History
You have not taken this quiz